Etiqueta de registo: 00629ckm 2200193 450
001 366438
003 http://id.bnportugal.gov.pt/bib/catbnp/366438
005 19981230000000.0
095 ## $aPTBN00391081
100 ## $a19920810d1992 a d0pory0103 ba
101 0# $apor
102 ## $aPT
200 1# $aViver é preciso$bVisual gráfico]$fJ. F. Stª Catarina
210 #9 $a[Lisboa]$cJ.F.S.C.,$dimp. 1992
215 ## $a1 cartaz$ccolor.$d70x50 cm
606 ## $2SIPOR$375045
675 ## $a379.8(469.411.16)"1992"(084.5)$vBN$zpor$3503438
675 ## $a766(=1:469)"199"(084.5)$vBN$zpor$31285670
710 01 $aLisboa.$bJunta de Freguesia de Santa Catarina$371706
801 #0 $aPT$bBN$gRPC
966 ## $lBN$mICONOG$sCT. 2928 R.$x1
997 ## $aBIBEOD
Etiqueta de registo: 00660ckm 2200193 450
001 366435
003 http://id.bnportugal.gov.pt/bib/catbnp/366435
005 19981230000000.0
095 ## $aPTBN00391078
100 ## $a19920810d1992 a d0pory0103 ba
101 0# $apor
102 ## $aPT
200 1# $aProjecto "viver é preciso"$bVisual gráfico]$fJunta de Freguesia de Stª Catarina
210 #9 $a[Lisboa]$cJ.F.S.C.,$dimp. 1992
215 ## $a1 cartaz$cp&b$d70x50 cm
606 ## $2SIPOR$373298
675 ## $a061.7(469.411Lisboa)"1992"(084.5)$vBN$zpor$3503436
675 ## $a766(=1:469)"199"(084.5)$vBN$zpor$31285670
710 01 $aLisboa.$bJunta de Freguesia de Santa Catarina$371706
801 #0 $aPT$bBN$gRPC
966 ## $lBN$mICONOG$sCT. 2929 R.$x1
997 ## $aBIBEOD
Etiqueta de registo: 00000nkm 2200025 450
001 2255450
003 http://id.bnportugal.gov.pt/bib/catbnp/2255450
100 ## $a20260127d1986 m y0pory01030103ba
101 0# $apor
102 ## $aPT
200 1# $a15 aguarelas do meu bairro, Exposição de Pintura de José Augusto Paz Duarte, em colaboração
com o Teatro Maizum e Casa dos Tabuenses, [Lisboa], junho 1986$bVisual gráfico]$fJunta de Freguesia de Santa Catarina
210 #9 $aLisboa$cJunta de Freguesia de Santa Catarina,$d1986
215 ## $a1 cartaz$cp&b.$d29,7x21 cm
317 ## $aColeção Madeira Luís
675 ## $a766(=1:469)"198"(084.5)$vBN$zpor$31908448
710 01 $aLisboa.$bJunta de Freguesia de Santa Catarina$371706
711 02 $aTeatro Maizum$396932
711 02 $aCasa dos Tabuenses$c(Lisboa)$363757
801 #0 $aPT$bBN$gRPC
856 41 $uhttp://rnod.bnportugal.gov.pt/ImagesBN/winlibimg.aspx?skey=&doc=2255450&img=219851&save=true
966 ## $lBN$mICONOG$sCT. 5701 P.$x3
971 ## $cCaticonografia5$d20260127
995 ## $aPRR2026 $d20260127$iCaticonografia5
Etiqueta de registo: 00000nkm 2200025 450
001 2261835
003 http://id.bnportugal.gov.pt/bib/catbnp/2261835
100 ## $a20260205f19751984m y0pory01030103ba
101 0# $apor
102 ## $aPT
200 1# $aHabitação, reformados, cultura. Vota M.L.U.P. Lista XII, moradores em luta - Unidade
Popular de Santa Catarina$bVisual gráfico]$fJunta de Freguesia de Santa Catarina
210 #9 $aLisboa$cJunta de Freguesia de Santa Catarina,$d[entre 1975 e 1984]
215 ## $a1 cartaz$ccolor.$d61x42,5 cm
306 ## $aDatação atribuída em conformidade com as características formais do documento
317 ## $aColeção Madeira Luís
675 ## $a766(=1:469)"197/198"(084.5)$vBN$zpor$31619299
710 01 $aLisboa.$bJunta de Freguesia de Santa Catarina$371706
801 #0 $aPT$bBN$gRPC
966 ## $lBN$mICONOG$sCT. 19809 A.$x3
971 ## $cCaticonografia6$d20260205
995 ## $aPRR2026 $d20260205$iCaticonografia6